000 04865nam a2200433Ia 4500
001 dia_4966
003 CHAP
005 20240923134507.0
007 ta
008 220117s2012 mx bd frm 001 0 spa d
010 _a175778
040 _cCHAP
_amxchpua
_erda
041 0 _aspa
_beng
090 _aTesis
_bV39
_c2012
100 1 _aVázquez Saavedra, Elda Jimena
245 1 0 _aCaracterización de la problemática sobre los Derechos de Obtentor en la Floricultura :
_bel caso de la Rosa (Rosa sp) en Villa Guerrero, Estado de México /
_cElda Jimena Vázquez Saavedra
264 _aChapingo, México :
_bEl autor,
_c2012
300 _axiii, 119 hojas :
_bmapas, gráficas, diagramas, tablas +
_e1 CD-ROM
336 _2rdacontent
_atexto
_btxt
337 _2rdamedia
_ano mediado
_bn
338 _2rdacarrier
_avolumen
_bnc
500 _aEl CD contiene artículo, presentación y reporte
502 _aTesis
_b(Ingeniero Agroindustrial) --
_cUACh. Departamento de Ingeniería Agroindustrial,
_d2012
504 _aBibliografía: hojas 99-102
520 3 _aEl desarrollo y uso de la biotecnología en el área agrícola, ha abierto un nuevo campo de inversiones a empresas transnacionales, mejor conocidas en su marco jurídico como empresas obtentoras, dedicadas a la manipulación genética por métodos convencionales obteniendo con ello, nuevas variedades vegetales, que se cotizan alto en los mercados principalmente Maíz (Zea mays) y Rosa (Rosa sp), mismas variedades que pueden ser protegidas legalmente por la modalidad de Derecho de Obtentor y cuya regulación se encuentra establecida en el marco jurídico nacional (Ley Federal de Variedades Vegetales y su reglamento) e internacional (Convenio Internacional para la Obtención de las Variedades Vegetales, Actas 1961, 1972, 1978 y 1991). Sin embargo tal forma de protección ha traído diversos problemas entre obtentores, usuarios y autoridad competente (Servicio Nacional de Inspección y Certificación de Semillas) por el uso del material protegido, debido a una serie de insuficiencias, vacíos e interpretaciones diversas de la legislación nacional e internacional en la materia y hasta por las formas irregulares de acceso al material vegetativo y el respectivo cobro de regalías, así como las intervenciones poco ajustadas a derecho por parte del SNICS. La problemática que aborda el presente trabajo, tiene que ver con esos procesos irregulares y el cobro de regalías excesivas que bajo presunción de piratería, dichas empresas reclaman a los floricultores del municipio de Villa Guerrero, estado de México, principales usuarios del material genético mejorado de Rosa, (plantas completas o partes de ellas). --
520 3 _aThe development and the use of biotechnology in the agriculture area, has opened a new opportunity of investments to transnational companies, well known in legal framework as obtentoras companies dedicated to the genetic manipulation by conventional methods getting with that new variety of vegetables getting high value in the market principal Corn (Zea mays) and Rose (Rosa sp) this varieties can be legally protected by the modality of Breeders' Rights duty and that regulation can be found established in the national juridical framework (federal statute of variety vegetables and its regulation) and international (international agreement for the obtaining of new vegetable varieties, articles of incorporation 1961, 1972, 1978 and 1991). However that way of protection has brought many problems with breeders, users and competent authority (National Service of Inspection and Seeds Certification, SNICS) for the use of protected material, due to a number of inadequacies, shortcomings and different interpretations of the national and international legislation in that field, even for the irregular access ways to vegetal material and the cost the royalties also the few intervention of the SNICS. The topic of this thesis was all about related with those irregular processes and the excessive costs of the royalties that under presumption of piracy these companies claim to the flower growers in the Township Villa Guerrero, State of Mexico, main users of improved genetic material of Rose (complete plants and parts of them).
650 1 3 _aFloricultura
_2atg
_zMéxico
_zMéxico (Estado)
650 1 3 _aGestión de viveros
_2atg
650 1 0 _aFloriculture
_zMexico
_zMexico (State)
_2atg
650 1 3 _aNursery management
_2atg
700 1 _aMorales Santos, Tayde
_edirectora
700 1 _aLópez Herrera, Agustín
_easesor
700 1 _aRamírez Díaz, Francisco Javier
_easesor
856 4 1 _uhttp://10.13.5.2/tesis/sist108750.pdf
_yDESCARGAR PDF
901 _aTESIS 6879
902 _aM
905 _a5232272012 mx am 8222223322spa16
942 _cTESIS
_2Clasificación Universidad Autónoma Chapingo
999 _c175778
_d175778